000 01004cam a22001934a 4500
005 20250605164334.0
008 250528s ||||||||||||||||||||||||d
035 _a23366
020 _a1898873313
040 _aGR-AtMCL
_bgre
_dGR-AtMCL
_eAACR2
245 1 _aEmotional Literacy and Mental Health in the Early Years
260 _aUnited Kingdom
_bΕκδόσεις Παπαζήσης,
_c2003
300 _a48
520 _aIn this book, the writer looks at children's early learning and behaviour, what happens when things go wrong and what we need to do to encourage emotional well-being. Introduction, Emotional Intelligence, When Things Go Wrong, Early Intervention Projects, Circle Time, Supporting Children with Emotional Difficulties, Working with Partnership with Others, Listening to Children, Supporting Young Children Through Life Changes, References, Useful Resources, Organisations and Support Groups.
700 1 _aMortimer Hanna
_98926
942 _cBK
999 _c8391
_d8391